The food lover's cleanse : 140 delicious, nourishing recipes that will tempt you back into healthful eating

Bibliographic Details
Main Author: Dickerman, Sara
Format: Book
Published: New York : HarperCollins Publishers , 2015
Subjects:

MARC

LEADER 00000cam a2200000 7i4500
001 0000200621
005 20160718.0
020 |a 9780062390233 
090 0 0 |a 641.5637   |b DIC 
100 1 |a Dickerman, Sara 
245 1 4 |a The food lover's cleanse :   |b 140 delicious, nourishing recipes that will tempt you back into healthful eating   |c Sara Dickerman 
260 |a New York :   |b HarperCollins Publishers ,   |c 2015 
300 |a 341p. ;   |c 24cm. 
650 0 |a Cooking (Natural foods) 
650 0 |a Detoxfication (Health) 
999 |a 00323542   |b BUKU   |c PINJAMAN   |e PERPUSTAKAAN KOMUNITI PETALING JAYA